00725nam a22001697a 4500003000900000005001700009007000300026008003600029020001800065040002600083100003900109245006100148260006900209300002200278500005800300505019700358DO-SdBNP20211015105914.0ta210621b 2018 dr 00| 0 eng d a9789945909944 aDO-SdBNPbspacBNPHU 1 a:Medina Sánchez, Rafael, d1972-10aLa disyuntiva de Juan Pilero /cRafael Medina Sánchez. aHermanas Mirabal, República Dominicana : bPapelmaché,c2018 a95 p. ; c22 cm.  aIncluye datos biográficos del autor en las solapas.0 aLos vápodos --tCando: un jinete engreído --tLos domingos --tLa bruja de Quilino --tKentauro ---tCosas de campo --t El juego de Milo --tEl robo --tDoble partida --tLa confesión .